000 00265nam a22000977a 4500
999 _c11243
_d11243
008 181113b ||||| |||| 00| 0 eng d
020 _a9788178558103
100 _aGoel,D.K.
_96992
245 _aNew ISC Accountancy-XI
260 _aNew Delhi
_bArya Publications
_cNew Delhi